01027njm a2200265Ia 450000100060000000300090000600500170001500800410003204000130007304000130008604100120009910000150011110000180012610000380014424500320018225000110021426000090022526000630023430000170029750000150031450502470032965000470057670000790062370000590070226736IT-RoPAU20220918181152.0131025s9999 xx 000 0 und d aIT-RoPAU cIT-RoPAU aINGLESE aYoung Paul eAutore musica gCodice autore musica SPICS: 10129 aSecret of Association (The) a1a ed. aROMA bSPICS RECORDSc1985 [1a Ed.:1985 - Ed. Lingua Orig.: 1985] aMUSICASSETTA aMusica pop aBite the Hand That Feeds - Every Time You Go Away - I'm Gonna Tear Your Playhouse Down - Standing On the Edge - Soldier's Things - Everything Must Change - Tombe of Memories - One Step Forward - Hot Fun - This Means Anything - I Was In Chains aPOP [CASSETTE]eCodice MATERIA SPICS: 9951 aYoung PauleAutore testo e musicagCodice autore testo/musica SPICS: 10129 aYoung PaulgCodice interprete SPICS: 10129eInterprete